00957nam a2200205 a 450000100100000000500170001000800410002702000180006804000250008610000280011124501000013926000610023930000280030059000260032870000440035495201200039895201050051895201110062399900170073400004868620201002061329.0190408s2016 dr a 000 0 spa d a9789945896985 aDO-SdBNPbspacBNPHU1 aReyes, Francisco93353810aMonumentos nacionales dominicanos /cFrancisco Reyes ; ilustración Anulfo Alcántara Aquino. aSanto Domingo, República Dominicana :bSpirole,c2016. a23 p. :bils. ;c28 cm. aInventariado, 2019/VM1 aAlcántara Aquino, Anulfoeils.976134 001054708DSaGRbGRcHDd2019-04-08iLF2l0o p48686-30r2020-06-25te. 3w2020-06-25yLFDSZPréstamo en sala 0010718PDaPDbPDcHDd2019-04-08iLF2l0o p48686-10r2020-06-25w2020-06-25yLFPDZNo se presta 0010718PDaPDbPDcHDd2019-04-08iLF2l0o p48686-20r2020-06-25te. 2w2020-06-25yLFPDZNo se presta c48174d48174